Hiking the Yellowstone backcountry /

Bibliographic Details
Main Author: Bach, Orville E.
Format: Book
Language:English
Published: San Francisco, Calif. : Sierra Club, 1979
Edition:2nd rev. ed.
Series:Sierra Club totebook.
Subjects:

MARC

Tag First Indicator Second Indicator Subfields
LEADER 00000cam a2200000 a 4500
001 in00000080856
005 20151008054113.0
008 810124c19791973cauab 00110 eng d
010 |z  40407209/  
020 |a 087156078X :  |c $7.95 
035 |a (OCoLC)07081789 
035 |9 AAH9641AM 
037 |c $4.95 
040 |a TMN  |c TMN  |d TXA  |d UtOrBLW 
043 |a n-us-wy 
049 |a TXAM  |c [1387052] 
090 |a F722  |b .B2 1979 
092 |a 917.875204  |b B118h2 
100 1 |a Bach, Orville E. 
245 1 0 |a Hiking the Yellowstone backcountry /  |c by Orville E. Bach, Jr. 
250 |a 2nd rev. ed. 
264 1 |a San Francisco, Calif. :  |b Sierra Club,  |c 1979 
264 4 |c ©1973 
300 |a 238 pages :  |b illustrations, maps ;  |c 16 cm. 
336 |a text  |b txt  |2 rdacontent 
337 |a unmediated  |b n  |2 rdamedia 
338 |a volume  |b nc  |2 rdacarrier 
490 1 |a A Sierra Club totebook 
500 |a Includes index. 
651 0 |a Yellowstone National Park  |v Guidebooks. 
830 0 |a Sierra Club totebook. 
999 |a MARS 
999 f f |s ad299099-e220-36d7-a3bd-bf5c6b1faf41  |i a442ed2d-0f84-3eeb-a962-17d1b995efa7  |t 0 
952 f f |p ric  |a Texas A&M University  |b Rellis Campus  |c Joint Library Facility  |d Remote Storage  |t 0  |e F722 .B2 1979  |h Library of Congress classification  |i unmediated -- volume  |m A14806110240 
998 f f |a F722 .B2 1979  |t 0  |l Remote Storage